Statistiques concernant Buteurs costariciens en Coupe du Monde

Cliquez ici pour prendre le quiz!

Statistiques générales

  • Ce quiz a été pris 10 fois
    (6 depuis la dernière actualisation)
  • Le résultat moyen est 5 sur 16

Statistiques - réponses

Nombre de butsClubNom du joueur% Correct
2PSV EindhovenBryan Ruiz
83%
1Olympiacos Le PiréeJoel Campbell
67%
1Vancouver Whitecaps FCKendall Waston
67%
1FC MidtjyllandMarco Ureña
33%
1CS HeredianoYeltsin Tejeda
33%
1Dinamo ZagrebHernán Medford
17%
1Deportivo SaprissaJuan Cayasso
17%
1Millonarios FCJuan Pablo Vargas
17%
1CS HeredianoKeysher Fuller
17%
1CS HeredianoMauricio Wright
17%
1Club BrugesÓscar Duarte
17%
3Manchester City, CS HeredianoPaulo Wanchope
17%
1Deportivo SaprissaRóger Flores
17%
3OFI Crète, Deportivo SaprissaRónald Gómez
17%
1Dinamo ZagrebRónald González
17%
1Ascoli CalcioWinston Parks
17%

Distribution des résultats

Percentile par nombre de réponses

% des personnes avec chaque résultat

Votre développement - résultats

Vous n’avez pas pris ce quiz depuis la dernière actualisation